[Event "CZE-ch U12 Girls"]
[Site "Kouty nad Desnou"]
[Date "2015.03.07"]
[Round "1"]
[White "Janotkova, Katerina"]
[Black "Richterova, Julie"]
[Result "0-1"]
[WhiteElo "1249"]
[BlackElo "1459"]
[PlyCount "120"]
[EventDate "2015.03.07"]
[EventType "swiss"]
[EventRounds "9"]
[EventCountry "CZE"]
[SourceTitle "EXT 2017"]
[Source "ChessBase"]
[SourceDate "2016.10.25"]
[SourceVersion "1"]
[SourceVersionDate "2016.10.25"]
[SourceQuality "1"]

1. e4 c6 2. d4 d5 3. Nd2 e6 4. Ngf3 c5 5. e5 cxd4 6. Nxd4 Qc7 7. c3 Qxe5+ 8. Be2 Nf6 9. N2f3 Qc7 10. 0-0 Nc6 11. Nb5 Qd8 12. Bf4 e5 13. Nxe5 Nb8 14. Nf3 Na6 15. Qd3 Be7 16. Rad1 0-0 17. Rd2 Nc5 18. Qc2 Ne6 19. Be3 Bc5 20. Bxc5 Nxc5 21. Rfd1 Nce4 22. Rd4 Qe7 23. Nd2 a6 24. Na3 Be6 25. f3 Nd6 26. Bd3 Qd7 27. Rh4 Bf5 28. Bxf5 Nxf5 29. Rf4 Ne3 30. Qb3 Nxd1 31. Qxd1 Rfe8 32. Rd4 Qe6 33. Nc2 Qb6 34. Nb3 a5 35. Qb1 Re7 36. Nd2 Re2 37. Kf1 Rae8 38. a4 Qd6 39. Kg1 Qe5 40. h3 Qg5 41. g4 Rxd2 42. f4 Qh4 43. Rxd2 Qg3+ 44. Kf1 Qxf4+ 45. Rf2 Qc4+ 46. Kg1 Ne4 47. Rg2 Qd3 48. Rh2 Qg3+ 49. Rg2 Qxh3 50. Qe1 Nf6 51. Qd2 Nxg4 52. Qxd5 Ne3 53. Nxe3 Qxe3+ 54. Kh2 Qf4+ 55. Kh1 Qh4+ 56. Rh2 Qe1+ 57. Kg2 Re2+ 58. Kh3 Re3+ 59. Kg4 Qg3+ 60. Kf5 g6+ 0-1

[Event "CZE-ch U12 Girls"]
[Site "Kouty nad Desnou"]
[Date "2014.03.15"]
[Round "9"]
[White "Janotkova, Katerina"]
[Black "Jordova, Zdenka"]
[Result "0-1"]
[WhiteElo "1023"]
[BlackElo "1050"]
[PlyCount "44"]
[EventDate "2014.03.08"]
[EventType "swiss"]
[EventRounds "9"]
[EventCountry "CZE"]
[SourceTitle "EXT 2015"]
[Source "ChessBase"]
[SourceDate "2014.11.20"]
[SourceVersion "1"]
[SourceVersionDate "2014.11.20"]
[SourceQuality "1"]

1. e4 c5 2. Nf3 d6 3. d4 cxd4 4. Nxd4 Nf6 5. Nc3 g6 6. Be3 Bg7 7. f3 0-0 8. g4 Nc6 9. Qd2 Ne5 10. h4 h5 11. gxh5 gxh5 12. Bh6 Bxh6 13. Qxh6 Re8 14. Qh8+ Kxh8 15. f4 Neg4 16. 0-0-0 Nf2 17. Be2 Nxh1 18. Rxh1 Qb6 19. Nf3 Rg8 20. Bc4 Qe3+ 21. Nd2 Rg1+ 22. Rxg1 Qxg1+ 0-1

[Event "CZE-ch U12 Girls"]
[Site "Kouty nad Desnou"]
[Date "2014.03.13"]
[Round "7"]
[White "Janotkova, Katerina"]
[Black "Vaskova, Marie"]
[Result "0-1"]
[WhiteElo "1023"]
[BlackElo "1348"]
[PlyCount "84"]
[EventDate "2014.03.08"]
[EventType "swiss"]
[EventRounds "9"]
[EventCountry "CZE"]
[SourceTitle "EXT 2015"]
[Source "ChessBase"]
[SourceDate "2014.11.20"]
[SourceVersion "1"]
[SourceVersionDate "2014.11.20"]
[SourceQuality "1"]

1. e4 e5 2. Nf3 Nc6 3. Bb5 a6 4. Ba4 b5 5. Bb3 Bc5 6. 0-0 Nge7 7. Nxe5 Bxf2+ 8. Rxf2 Nxe5 9. d4 Nc4 10. Qf3 0-0 11. e5 Rb8 12. Nd2 Bb7 13. Qf4 Bd5 14. Nf1 d6 15. c3 Ng6 16. Qg4 dxe5 17. Bc2 Qd6 18. h4 Qe6 19. Qg3 exd4 20. cxd4 Qd6 21. Bf4 Nxf4 22. Rxf4 Nxb2 23. Re1 Rbe8 24. Rxe8 Rxe8 25. Ne3 Be6 26. Bf5 Bxf5 27. Nxf5 Qg6 28. Qf2 Nd3 29. Qf3 Nxf4 30. Qxf4 Kf8 31. d5 Qf6 32. g3 Re5 33. Nd4 Qxf4 34. gxf4 Rxd5 35. Nc6 Rd2 36. a3 Ke8 37. Kf1 Kd7 38. Ne5+ Ke6 39. Nc6 Kd5 40. Nb4+ Ke4 41. Nxa6 Kf3 42. Nxc7 Rd1# 0-1

[Event "CZE-ch U12 Girls"]
[Site "Kouty nad Desnou"]
[Date "2014.03.11"]
[Round "5"]
[White "Janotkova, Katerina"]
[Black "Kocourkova, Klara"]
[Result "0-1"]
[WhiteElo "1023"]
[BlackElo "1297"]
[PlyCount "75"]
[EventDate "2014.03.08"]
[EventType "swiss"]
[EventRounds "9"]
[EventCountry "CZE"]
[SourceTitle "EXT 2015"]
[Source "ChessBase"]
[SourceDate "2014.11.20"]
[SourceVersion "1"]
[SourceVersionDate "2014.11.20"]
[SourceQuality "1"]

1. e4 d5 2. exd5 Nf6 3. c4 c6 4. d4 cxd5 5. Nc3 e6 6. Nf3 Nc6 7. Be3 Be7 8. Bd3 dxc4 9. Bxc4 0-0 10. 0-0 b6 11. Qd2 Bb7 12. Rad1 h6 13. Rfe1 Rc8 14. Ne2 Na5 15. Bd3 Bxf3 16. gxf3 Nc6 17. Kh1 Bb4 18. Nc3 Bxc3 19. bxc3 Qd5 20. Be2 Rc7 21. Rg1 Ne7 22. Bxh6 Ng6 23. Bf4 Rfc8 24. c4 Qf5 25. Be3 Kh7 26. Rg3 Rh8 27. Rdg1 Kg8 28. f4 Ne4 29. Bd3 Nxg3+ 30. Rxg3 Qh5 31. Rg2 Qf3 32. Qe2 Qxe2 33. Bxe2 Rh4 34. Bg4 Ne7 35. Kg1 Rxc4 36. Be2 Rc2 37. Bd3 Rxa2 38. h3 0-1